The German Classics of the Nineteenth and Twentieth Centuries, Volume 09 : (Record no. 242285)
[ view plain ]
| 000 -LEADER | |
|---|---|
| fixed length control field | 01429cam a22002773a 4500 |
| 001 - CONTROL NUMBER | |
| control field | 13030 |
| 003 - CONTROL NUMBER IDENTIFIER | |
| control field | PGUSA |
| 005 - DATE AND TIME OF LATEST TRANSACTION | |
| control field | 20140828083300.0 |
| 008 - FIXED-LENGTH DATA ELEMENTS--GENERAL INFORMATION | |
| fixed length control field | 040726s2004||||xxu|||||s|||||000 | eng d |
| 040 ## - CATALOGING SOURCE | |
| Original cataloging agency | PGUSA |
| Language of cataloging | eng |
| 042 ## - AUTHENTICATION CODE | |
| Authentication code | dc |
| 050 #4 - LIBRARY OF CONGRESS CALL NUMBER | |
| Classification number | PT |
| 245 14 - TITLE STATEMENT | |
| Title | The German Classics of the Nineteenth and Twentieth Centuries, Volume 09 : |
| Remainder of title | Friedrich Hebbel and Otto Ludwig |
| Medium | [electronic resource] |
| 260 ## - PUBLICATION, DISTRIBUTION, ETC. (IMPRINT) | |
| Name of publisher, distributor, etc | Project Gutenberg, |
| Date of publication, distribution, etc | 2004 |
| 505 0# - FORMATTED CONTENTS NOTE | |
| Formatted contents note | The Life of Friedrich Hebbel. By William Guild Howard -- Hebbel: Maria Magdalena. -- Siegfried's Death. -- Anna. -- On Theodor Körner and Heinrich von Kleist. -- Ludolf Wienbarg's The Dramatists of the Present Day. -- Review of Heinrich von Kleist's Play, The Prince of Homburg, or The Battle of Fehrbellin. -- Recollections of My Childhood. (Extracts from the Journal of Friedrich Hebbel) -- The Life of Otto Ludwig. By Alexander R. Hohlfeld -- Ludwig: The Hereditary Forester. -- Between Heaven and Earth. |
| 506 ## - RESTRICTIONS ON ACCESS NOTE | |
| Terms governing access | Public domain in the USA. |
| 516 ## - TYPE OF COMPUTER FILE OR DATA NOTE | |
| Type of computer file or data note | Electronic text |
| 653 ## - INDEX TERM--UNCONTROLLED | |
| Uncontrolled term | German literature -- 20th century -- Translations into English |
| 653 ## - INDEX TERM--UNCONTROLLED | |
| Uncontrolled term | German literature -- 19th century -- Translations into English |
| 700 1# - ADDED ENTRY--PERSONAL NAME | |
| Personal name | Hebbel, Friedrich, |
| Dates associated with a name | 1813-1863 |
| 700 1# - ADDED ENTRY--PERSONAL NAME | |
| Personal name | Francke, Kuno, |
| Dates associated with a name | 1855-1930 |
| 700 1# - ADDED ENTRY--PERSONAL NAME | |
| Personal name | Ludwig, Otto, |
| Dates associated with a name | 1813-1865 |
| 830 #0 - SERIES ADDED ENTRY--UNIFORM TITLE | |
| Uniform title | Project Gutenberg |
| Volume number/sequential designation | 13030 |
| 856 40 - ELECTRONIC LOCATION AND ACCESS | |
| Uniform Resource Identifier | <a href="http://www.gutenberg.org/ebooks/13030">http://www.gutenberg.org/ebooks/13030</a> |
| 942 ## - ADDED ENTRY ELEMENTS (KOHA) | |
| Koha item type | eBooks |
| Withdrawn status | Lost status | Damaged status | Home library | Current library | Date acquired | Total Checkouts | Date last seen | Price effective from | Koha item type |
|---|---|---|---|---|---|---|---|---|---|
| Project Gutenberg | Project Gutenberg | 08/28/2014 | 08/28/2014 | 08/28/2014 | eBooks |